top 100 des clubs saison 2022-23 ( UEFA ) - Statistiques

Statistiques générales
  • Ce quiz a été pris 213 fois
  • Le résultat moyen est 31 sur 100
Statistiques - réponses
Hint Réponse % Correct
ESP Real Madrid
97%
ALL Bayern Munich
96%
ANG Manchester City
96%
ANG Liverpool
94%
FRA Paris Saint Germain
92%
ESP Barcelone
91%
ANG Manchester United
90%
ANG Chelsea
88%
ITA Inter Milan
83%
ITA AC Milan
80%
ESP Atletico Madrid
79%
ANG Arsenal
77%
ITA Juventus Turin
71%
ITA Naples
69%
NED Ajax Amsterdam
63%
ALL Borussia Dortmund
63%
ITA AS Roma
62%
FRA Olympique de Marseille
62%
POR FC Porto
61%
FRA Olympique Lyonnais
61%
ESP FC Séville
55%
POR Benfica Lisbonne
48%
ITA Lazio Rome
48%
ESP Villareal
46%
ALL RB Leipzig
45%
NED PSV
42%
ESP Betis Séville
41%
FRA AS Monaco
39%
UKR Dynamo Kiev
39%
FRA Lille
38%
ANG Tottenham Hotspurs
37%
ALL Bayer Leverkusen
36%
SCO Celtic
36%
AUT RB Salzbourg
35%
NED Feyenoord
33%
ESP FC Valence
32%
ANG West Ham
32%
SCO Rangers
31%
ESP Real Sociedad
31%
ANG Everton
30%
RUS Zenit
29%
GRE Olympiakos
28%
TUR Galatasaray
27%
POR Braga
26%
SUI FC Bâle
26%
FRA Stade Rennais
26%
CRO Dinamo Zagreb
25%
SUI Young Boys
25%
SRB Étoile Rouge de Belgrade
24%
ESP Athletic Bilbao
22%
ALL Eintracht Francfort
22%
TUR Besiktas
21%
SWE Malmo
21%
ALL Borussia Mönchengladbach
20%
RUS CSKA Moscou
20%
UKR Shakhtar Donetsk
20%
DEN Copenhague
19%
AUT Rapid Vienne
19%
ALL Schalke 04
19%
ALL Wolfsburg
19%
CZE Slavia Prague
18%
ITA Torino
18%
GRE AEK Athènes
15%
BEL Club Bruges
15%
ANG Leicester City
15%
NED AZ Alkmaar
14%
RUS Lokomotiv Moscou
14%
BEL Genk
11%
ALL Union Berlin
11%
CZE Viktoria Plzen
11%
ANG Wolverhampton
11%
CYP APOEL Nicosie
10%
RUS Spartak Moscou
10%
BUL Ludogorets
9%
AZE Qarabag
9%
POR Sporting CP
9%
ESP Getafe
8%
ISR Maccabi Tel Aviv
8%
SRB Partizan Belgrade
8%
ROU Steaua Bucarest
8%
ESP Espanyol Barcelone
7%
BEL La Gantoise
7%
HUN Ferencvaros
6%
ALL Hoffenheim
6%
RUS Krasnodar
6%
ROU Cluj
5%
KAZ FC Astana
5%
GRE PAOK Salonique
5%
BEL Standard de Liège
5%
ESP Grenade
4%
TUR Istanbul Başakşehir
4%
MDA Sheriff Tiraspol
4%
BLR BATE Borisov
3%
ANG Burnley
2%
ITA Atalata Bergame
1%
DAN FC Midtjylland
1%
NOR FK Bodø/Glimt
1%
AUT Linzer ASK
1%
NOR Molde FK
1%
UKR Zorya Luhansk
0%
Aucun quiz correspondant
Distribution des résultats
% des personnes avec chaque résultat
Percentile par nombre de réponses
Votre historique - résultats
Vous n’avez pas pris ce quiz